Stati per produzione di broccoli e cavolfiori - Statistics

Statistiche generali
  • Questo quiz è stato fatto 11 volte
  • Il punteggio medio è 12 su 15
Statistiche sulle risposte
Continente Produzione (tonnellate) Stato % Corretto
Asia 10 263 746 Cina
100%
Europa 388 281 Italia
100%
America del Nord 583 279 Messico
100%
America del Nord 1 321 060 Stati Uniti
100%
Asia / Europa 250 330 Turchia
100%
Africa 172 598 Egitto
89%
Europa 308 488 Francia
89%
Asia 8 199 000 India
89%
Europa 605 161 Spagna
89%
Asia 219 582 Pakistan
78%
Europa 314 738 Polonia
78%
Africa 205 148 Algeria
67%
Asia 173 967 Giappone
67%
Asia 268 484 Bangladesh
44%
Europa 151 779 Regno Unito
44%
Nessun quiz corrispondente trovato
Distribuzione punteggi
Percentuale di utenti per punteggio
Percentile per numero di risposta
I tuoi punteggi nel tempo
Non hai fatto questo quiz